LEADER 01108nam a2200241 u 4500 001 000000036412 003 CaOOAMICUS 005 20070226112709.0 008 980324s1941 it u000 u ita u 035 $a10787174 040 $aPUL(R)$bita 100 1 $aMartini, Giuseppe.$0(OLS)http://pul/name/22176 245 13$aLe dimissioni dalle religioni :$bstudio di diritto canonico /$cGiuseppe Martini. 260 $aTorino :$bTip. Collegio degli Artigianelli,$c1941. 300 $a179 p. ;$c25 cm 504 $aBibliografia in nota a pie' pagina. 650 4$aDiritto canonico.$0(OLS)http://pul/subject/1294 850 $aPUL 852 $aPUL$W1$xDP2 Diritto Canonico 1$y64$m151 D 23$j49892$nBK-PRI$qStampati$B49892$CPULBib$Z2$F49892 $82 941 1 $a8 961 $aDedica ms ad inchiostro sul front.: "All'illustre carissimo prof.re Ciprotti per cordiale omaggio dell'autore G. Martini (Agosto 1941 XIX). 996 $6245$aLe dimissioni dalle religioni :$bstudio di diritto canonico$9(OLS)http://pul/title/49807 996 $6260$aTorino :$bTip. Collegio degli Artigianelli$9(OLS)http://pul/publisher/62928 LEADER 01298naa a2200241 u 4500 001 000000094265 003 CaOOAMICUS 005 20070226130137.0 008 010830s1980 fr u000 u eng u 035 $a10900582 040 $aPUL(R)$bita 100 1 $aZacklin, Ralph,$d1937-$0(OLS)http://pul/name/60408 245 14$aThe right to development at the international level :$bsome reflections on its sources, content and formulations /$cRalph Zacklin. 260 $a[S. l. :$bs. n.],$c1980. 300 $aP. [115-120] 504 $aBibliografia in nota. 650 4$aSviluppo economico.$0(OLS)http://pul/subject/9440 650 4$aPaesi in via di sviluppo.$0(OLS)http://pul/subject/24236 650 4$aDiritto internazionale.$0(OLS)http://pul/subject/2505 773 0 $aAcadémie de droit international.$tColloque = Workshop$g1979 773 0 $aAcadémie de droit international.$tLe droit au développement au plan international : Colloque, La Haye, 16-18 octobre 1979 = The right to development at the international level : Workshop, The Hague, 16-18 october 1979$w()61049 996 $6245$aThe right to development at the international level :$bsome reflections on its sources, content and formulations$9(OLS)http://pul/title/121129 996 $6260$a[S. l. :$bs. n.]$9(OLS)http://pul/publisher/47882